| 000 | 01305cam a22003251 4500 | ||
|---|---|---|---|
| 001 | gs 64000302 | ||
| 003 | DLC | ||
| 005 | 20260227111414.0 | ||
| 008 | 780629s1964 dcuabd b f000 0 eng | ||
| 010 | _ags 64000302 | ||
| 035 | _a(OCoLC)4016877 | ||
| 040 |
_aDLC _cOClU _dISS _dOCoLC _dDLC |
||
| 042 | _apremarc | ||
| 050 | 0 | 0 |
_aQE75 _b.P9 no. 415 |
| 086 | 0 | _aI 19.16:415 | |
| 100 | 1 |
_aStaatz, Mortimer Hay, _d1918- |
|
| 245 | 0 | 0 |
_aGeology and mineral deposits of the Thomas and Dugway Ranges, Juab and Tooele Counties, Utah, _cby Mortimer H. Staatz and Wilfred J. Carr. |
| 260 |
_aWashington, _bU.S. Govt. Print Off., _c1964. |
||
| 300 |
_avi, 188 p. _billus., maps (1 col.) diagrs. (2 col.) tables. _c29 cm. |
||
| 410 | 2 | 0 |
_aGeological Survey (U.S.). _tProfessional paper, _v415 |
| 500 | _aPart of illustrative matter fold. in pocket. | ||
| 500 | _a"Prepared on behalf of the U. S. Atomic Energy Commission." | ||
| 504 | _aBibliography: p. 180-183. | ||
| 650 | 0 |
_aGeology _zUtah _zJuab County |
|
| 650 | 0 |
_aGeology _zUtah _zTooele County |
|
| 650 | 0 |
_aMines and mineral resources _zUtah _zJuab County |
|
| 650 | 0 |
_aMines and mineral resources _zUtah _zTooele County |
|
| 700 | 1 |
_aCarr, Wilfred James, _d1926- _ejoint author. |
|
| 740 | 0 | _aThomas and Dugway Ranges, Juab and Tooele Counties, Utah. | |
| 999 |
_c29884 _d29884 |
||